| 000 | 00478nam a2200193Ia 4500 | ||
|---|---|---|---|
| 008 | 160319s9999 xx 000 0 und d | ||
| 020 | _a9789712725842 | ||
| 050 | _a899.210301 | ||
| 050 | _bJ62s 2011 | ||
| 100 | _aJoaquin, Nick | ||
| 245 | 4 | _aThe summer solstice and other stories / | |
| 245 | _cNick, Joaquin. | ||
| 260 | _aManila : | ||
| 260 | _bAnvil Pub. Inc | ||
| 260 | _c2011 | ||
| 300 | _a111 p. ; | ||
| 300 | _c19 cm. | ||
| 650 | _aShort stories, Filipino. | ||
| 999 |
_c292284 _d292284 |
||